banner-ar

UITLER AND THE JEWS: THE GENESIS OF THE HOLOCOUST / (Record no. 23599)

MARC details
000 -الفاتح
حقل البيانات ثابتة الطول 00473nam a2200181Ia 4500
008 - عناصر البيانات ثابتة الطول - معلومات عامة
حقل البيانات ثابتة الطول 140319s9999 xx 000 0 eng d
040 ## - مصدر الفهرسة
وكالة الفهرسة الأصلية GCL /
وكالة النسخ GCL
082 04 - رقم تصنيف ديوى العشرى
رقم التصنيف 940.5318
رقم المادة B H
100 1# - المدخل الرئيسى - إسم شخصى
الإسم الشخصى BURRIN, PHILIPPE
245 10 - بيان العنوان
العنوان UITLER AND THE JEWS: THE GENESIS OF THE HOLOCOUST /
بيان المسئوليه,etc BURRIN, PHILIPPE
260 ## - PUBLICATION, DISTRIBUTION, ETC. (IMPRINT)
تاريخ النشر أو التوزيع 1989
300 ## - الوصف المادى
التعداد 177 P
650 04 - المدخل الاضافى بالموضوع-مصطلح موضوعى
مصطلح موضوعي JEWS
650 04 - المدخل الاضافى بالموضوع-مصطلح موضوعى
مصطلح موضوعي HITLER, ADOLF
650 04 - المدخل الاضافى بالموضوع-مصطلح موضوعى
مصطلح موضوعي GENESIS
942 ## - عناصر المدخل الإضافي( كوها)
مصدر التصنيف او مخطط الترفيف Dewey Decimal Classification
Koha [default] item type كتاب
260 ## - PUBLICATION, DISTRIBUTION, ETC. (IMPRINT)
-- [S.N] :
-- EDWARD ARNOLD ،
Holdings
حالة التراجع حالة الفقد حالة تلف ليس للاعارة المكان المؤقت الموقع الحالى تاريخ الاكتساب اجمالي اﻻعارات رقم الطلب الباركود تاريخ اخر مشاهدة تاريخ تفعيل السعر نوع وعاء كوها
        مكتبة القاهرة الكبرى مكتبة القاهرة الكبرى 03/26/2014   940.5318\B H 42056 03/26/2014 03/26/2014 كتاب

Powered By

EGPV